[Event "FIDE World Uni Rapid-D 1st"]
[Site "Tornelo INT"]
[Date "2021.03.21"]
[Round "11"]
[White "Mantilla Gras, Geydis de la C"]
[Black "Gagarin, Ivan"]
[Result "1/2-1/2"]
[WhiteElo "1997"]
[BlackElo "1725"]
[PlyCount "84"]
[EventDate "2021.03.20"]
[EventType "swiss (rapid)"]
[EventRounds "12"]
[EventCountry "NET"]
[SourceTitle "EXT 2022"]
[Source "ChessBase"]
[SourceDate "2021.10.06"]
[SourceVersion "1"]
[SourceVersionDate "2021.10.06"]
[SourceQuality "1"]

1. e4 d5 2. exd5 Qxd5 3. Nc3 Qd8 4. d4 Nf6 5. Nf3 e6 6. Bf4 Bd6 7. Bxd6 cxd6 8. Bd3 0-0 9. 0-0 a6 10. Re1 Nbd7 11. Ne4 Nxe4 12. Bxe4 Nf6 13. Bd3 b5 14. a4 b4 15. Qd2 a5 16. Qf4 Ba6 17. Red1 Nd5 18. Qe4 Bxd3 19. Qxd3 Qf6 20. Nd2 Nf4 21. Ne4 Nxd3 22. Nxf6+ gxf6 23. Rxd3 Rfc8 24. Rc1 Rc4 25. b3 Rc6 26. d5 exd5 27. Rxd5 Rac8 28. Rxa5 Rxc2 29. Rxc2 Rxc2 30. Kf1 Rb2 31. Ra8+ Kg7 32. Rd8 Rxb3 33. Rxd6 Ra3 34. Rb6 Rxa4 35. Ke2 Kg6 36. Kd3 Ra2 37. Rxb4 Rxf2 38. Rg4+ Kf5 39. Rg3 Ra2 40. Rg7 h5 41. Ke3 Ra3+ 42. Kf2 Ra7 1/2-1/2

[Event "FIDE World Uni Rapid-D 1st"]
[Site "Tornelo INT"]
[Date "2021.03.20"]
[Round "3"]
[White "Mantilla Gras, Geydis de la C"]
[Black "Sargsyan, Anna M"]
[Result "0-1"]
[WhiteElo "1997"]
[BlackElo "2380"]
[PlyCount "40"]
[EventDate "2021.03.20"]
[EventType "swiss (rapid)"]
[EventRounds "12"]
[EventCountry "NET"]
[SourceTitle "EXT 2022"]
[Source "ChessBase"]
[SourceDate "2021.10.06"]
[SourceVersion "1"]
[SourceVersionDate "2021.10.06"]
[SourceQuality "1"]

1. e4 c6 2. Nc3 d5 3. Nf3 Bg4 4. h3 Bxf3 5. Qxf3 Nf6 6. exd5 cxd5 7. d4 Nc6 8. Bb5 e6 9. Bf4 Bd6 10. Bxc6+ bxc6 11. 0-0 0-0 12. b3 Bxf4 13. Qxf4 Qa5 14. Na4 Ne4 15. f3 Nf6 16. Nc5 Rab8 17. a4 Qc3 18. Rac1 Rb4 19. Rfd1 Qxc5 20. dxc5 Rxf4 0-1

[Event "Panama Caribe-ch (Women)"]
[Site "Panama"]
[Date "2019.08.17"]
[Round "5"]
[White "Obregon Garcia, Roxangel"]
[Black "Mantilla Gras, Geydis de la C"]
[Result "1-0"]
[WhiteElo "2287"]
[BlackElo "1983"]
[PlyCount "161"]
[EventDate "2019.08.14"]
[EventType "swiss"]
[EventRounds "9"]
[EventCountry "PAN"]
[SourceTitle "EXT 2020"]
[Source "ChessBase"]
[SourceDate "2019.10.17"]
[SourceVersion "1"]
[SourceVersionDate "2019.10.17"]
[SourceQuality "1"]

1. d4 Nf6 2. c4 g6 3. Nc3 d5 4. cxd5 Nxd5 5. e4 Nxc3 6. bxc3 Bg7 7. Be3 0-0 8. Rc1 c5 9. d5 Qa5 10. Qd2 Rd8 11. Be2 e6 12. Bg5 Re8 13. h4 exd5 14. exd5 Nd7 15. Kf1 Nf6 16. c4 Qxd2 17. Bxd2 Ne4 18. Be1 Bh6 19. Rd1 Bd7 20. Nf3 Ba4 21. Rb1 Re7 22. Bd3 Rae8 23. Kg1 Bg7 24. Kh2 Nc3 25. Bxc3 Bxc3 26. h5 b6 27. g3 Bd7 28. Kg2 Bg4 29. Rh4 Bxf3+ 30. Kxf3 g5 31. Rhh1 h6 32. Kg4 Be5 33. f4 Bf6 34. Kf5 Kg7 35. Rbd1 Re3 36. Rhg1 Bd4 37. Rg2 Bf6 38. Rdd2 Bc3 39. Rde2 Rxe2 40. Rxe2 Rxe2 41. Bxe2 gxf4 42. gxf4 Kf8 43. d6 Ke8 44. Ke4 Bd2 45. Bg4 a6 46. Kd5 Bxf4 47. Kc6 Kd8 48. d7 b5 49. cxb5 axb5 50. Kxc5 b4 51. Kxb4 Kc7 52. Kb5 Bg5 53. a4 Be3 54. Kc4 Bb6 55. Kd5 Ba5 56. Bh3 Bc3 57. Kc4 Bd2 58. Kb5 Be3 59. a5 Bd2 60. a6 Be3 61. Kc4 Bf2 62. Kd5 Be3 63. Ke5 Bg5 64. a7 Kb7 65. Kd6 Bd8 66. Bg2+ Kxa7 67. Bd5 f6 68. Be4 Kb6 69. Bf5 Kb5 70. Ke6 Kc5 71. Kf7 Kd6 72. Kg7 Ke7 73. Kxh6 Kf7 74. Be6+ Kxe6 75. Kg6 f5 76. h6 Bf6 77. h7 f4 78. h8Q Bxh8 79. d8Q Be5 80. Qb6+ Kd5 81. Kf5 1-0

[Event "CUB-ch U18 Girls"]
[Site "San Nicolas de Bari"]
[Date "2018.06.13"]
[Round "1"]
[White "Garcia Terry, Legna"]
[Black "Mantilla Gras, Geydis de la C"]
[Result "1/2-1/2"]
[WhiteElo "1919"]
[BlackElo "2092"]
[PlyCount "132"]
[EventDate "2018.06.13"]
[EventType "swiss"]
[EventRounds "9"]
[EventCountry "CUB"]
[SourceTitle "EXT 2021"]
[Source "ChessBase"]
[SourceDate "2020.10.23"]
[SourceVersion "1"]
[SourceVersionDate "2020.10.23"]
[SourceQuality "1"]

1. d4 d5 2. Nf3 Nf6 3. g3 Bf5 4. Bg2 e6 5. 0-0 Bd6 6. c4 c6 7. Qb3 b6 8. Nc3 0-0 9. Nh4 Bg6 10. Bg5 Be7 11. Nxg6 hxg6 12. Rad1 Nbd7 13. e4 dxe4 14. Nxe4 Nxe4 15. Bxe7 Qxe7 16. Bxe4 Rac8 17. Qa4 Qd6 18. Bg2 Qc7 19. b4 Rfd8 20. Rfe1 Nf6 21. Qb3 c5 22. dxc5 bxc5 23. b5 Rd4 24. Bc6 Rcd8 25. a4 Ng4 26. Rxd4 Rxd4 27. Bf3 Ne5 28. Be2 Qa5 29. Rd1 Rd2 30. Kf1 Kf8 31. Qe3 Rxd1+ 32. Bxd1 Nd7 33. Qd3 Ke7 34. f4 Qb4 35. Bb3 Nb6 36. Qc2 Qa3 37. Ke2 Qa1 38. Kd2 Qg1 39. Kd3 Nc8 40. Qe2 Nd6 41. Qe3 Qb1+ 42. Ke2 Qb2+ 43. Kf1 Qa3 44. Qd3 Nf5 45. Bc2 Qa1+ 46. Bd1 Qc1 47. Kf2 Nd4 48. a5 Qb2+ 49. Kg1 Qb4 50. a6 Nf5 51. Kf2 Qb2+ 52. Kg1 Qb4 53. Kf2 Nd6 54. Be2 Qb2 55. Qe3 Qb4 56. g4 Nxc4 57. Qe4 Nb6 58. Qb7+ Nd7 59. Qxa7 Qxf4+ 60. Bf3 Qxh2+ 61. Kf1 Qh3+ 62. Kf2 Qh2+ 63. Kf1 Qh3+ 64. Ke2 Qh2+ 65. Kf1 Qh3+ 66. Ke2 Qh2+ 1/2-1/2

[Event "Guillermo Garcia Memorial op 27th"]
[Site "Santa Clara"]
[Date "2018.05.31"]
[Round "9"]
[White "Rodriguez Dominguez, Melissa"]
[Black "Mantilla Gras, Geydis de la C"]
[Result "0-1"]
[WhiteElo "2095"]
[BlackElo "1993"]
[PlyCount "136"]
[EventDate "2018.05.22"]
[EventType "swiss"]
[EventRounds "9"]
[EventCountry "CUB"]
[SourceTitle "CBM 184 Extra"]
[Source "ChessBase"]
[SourceDate "2018.06.28"]
[SourceVersion "1"]
[SourceVersionDate "2018.06.28"]
[SourceQuality "1"]

1. e4 c5 2. Nf3 d6 3. d4 cxd4 4. Nxd4 Nf6 5. Nc3 a6 6. Be2 e5 7. Nb3 Be6 8. 0-0 Be7 9. Re1 0-0 10. Bf3 b5 11. a4 b4 12. Nd5 Bxd5 13. exd5 a5 14. Bd2 Na6 15. c3 Rb8 16. c4 Nd7 17. Be2 Ndc5 18. Bf1 Nxb3 19. Qxb3 Bg5 20. Bxg5 Qxg5 21. Qh3 Nc5 22. b3 f5 23. Be2 Rf6 24. Rab1 Rh6 25. Qg3 Qe7 26. Bd3 f4 27. Qf3 Qh4 28. h3 g5 29. Bf5 Rf6 30. Be6+ Kg7 31. Bg4 Rh8 32. Be6 h5 33. Kf1 Rhf8 34. Kg1 Rg6 35. g3 fxg3 36. Qxg3 Qxg3+ 37. fxg3 Rf3 38. Kg2 Rgf6 39. g4 h4 40. Bf5 Rxb3 41. Rxb3 Nxb3 42. Kf2 Nc5 43. Ra1 Rf8 44. Ke3 Rb8 45. Rb1 b3 46. Kd2 Rb4 47. Kc3 Rxa4 48. Rf1 Rb4 49. Bb1 Rb7 50. Rf5 Rf7 51. Rxg5+ Kf8 52. Bf5 a4 53. Kb2 e4 54. Rg6 Rxf5 55. gxf5 e3 56. Rg2 Nd3+ 57. Kb1 a3 58. Re2 a2+ 59. Ka1 b2+ 60. Kxa2 Nc1+ 61. Kxb2 Nxe2 62. Kc2 Nf4 63. Kd1 Kf7 64. c5 dxc5 65. d6 c4 66. Kc2 e2 67. Kd2 c3+ 68. Ke1 c2 0-1

[Event "Guillermo Garcia Memorial op 27th"]
[Site "Santa Clara"]
[Date "2018.05.28"]
[Round "6"]
[White "Mantilla Gras, Geydis de la C"]
[Black "Rodriguez Naranjo, Diosbel Manue"]
[Result "1-0"]
[WhiteElo "1993"]
[BlackElo "1821"]
[PlyCount "67"]
[EventDate "2018.05.22"]
[EventType "swiss"]
[EventRounds "9"]
[EventCountry "CUB"]
[SourceTitle "CBM 184 Extra"]
[Source "ChessBase"]
[SourceDate "2018.06.28"]
[SourceVersion "1"]
[SourceVersionDate "2018.06.28"]
[SourceQuality "1"]

1. e4 d6 2. d4 Nf6 3. Nc3 g6 4. g3 Bg7 5. Bg2 0-0 6. Nge2 c6 7. 0-0 e5 8. h3 Nfd7 9. Be3 f5 10. f4 h6 11. Qd3 exd4 12. Nxd4 Nc5 13. Qc4+ Kh8 14. exf5 gxf5 15. b4 Qe7 16. Rae1 Ne4 17. Nxe4 fxe4 18. f5 d5 19. Qe2 Bd7 20. Ne6 Na6 21. Nxg7 Qxg7 22. Qh5 Kh7 23. c3 Be8 24. Qh4 Qf6 25. Qf4 Bd7 26. g4 b6 27. Rd1 Rad8 28. Bxe4 Bc8 29. Bd3 Rg8 30. Bd4 Qg5 31. f6+ Rg6 32. Qxg5 hxg5 33. f7 Rf8 34. Rf6 1-0

[Event "Capablanca Memorial op 53rd"]
[Site "Havana"]
[Date "2018.05.13"]
[Round "5"]
[White "Duong, Thanh Nha"]
[Black "Mantilla Gras, Geydis de la C"]
[Result "1/2-1/2"]
[WhiteElo "2175"]
[BlackElo "1993"]
[PlyCount "151"]
[EventDate "2018.05.09"]
[EventType "swiss"]
[EventRounds "10"]
[EventCountry "CUB"]
[SourceTitle "EXT 2021"]
[Source "ChessBase"]
[SourceDate "2020.10.23"]
[SourceVersion "1"]
[SourceVersionDate "2020.10.23"]
[SourceQuality "1"]

1. Nf3 Nf6 2. g3 d5 3. Bg2 Bf5 4. 0-0 Nbd7 5. d3 e5 6. Nbd2 Bd6 7. Qe1 Be6 8. e4 dxe4 9. dxe4 h6 10. b3 Qe7 11. a4 g5 12. Bb2 0-0-0 13. Qe2 Rdg8 14. a5 a6 15. Nc4 Bxc4 16. Qxc4 h5 17. h4 Nh7 18. Bc3 Qe6 19. Qxe6 fxe6 20. b4 gxh4 21. Nxh4 Be7 22. Nf3 Ng5 23. Nxg5 Rxg5 24. Bh3 Rg6 25. Kh2 h4 26. g4 Bg5 27. f4 Bf6 28. f5 exf5 29. exf5 Rg7 30. Rad1 Rf8 31. Rg1 Bg5 32. Bd2 Nf6 33. Bxg5 Rxg5 34. Rde1 e4 35. Ref1 Kd7 36. Rg2 Kd6 37. Rd2+ Ke5 38. c4 c6 39. b5 cxb5 40. cxb5 Rc8 41. Rb2 Nxg4+ 42. Bxg4 Rxg4 43. bxa6 bxa6 44. f6 Rf4 45. Rxf4 Kxf4 46. f7 Rf8 47. Rf2+ Ke3 48. Rf6 Kd2 49. Kh3 e3 50. Kxh4 e2 51. Rd6+ Ke3 52. Re6+ Kd2 53. Rd6+ Kc3 54. Re6 Rxf7 55. Rxe2 Rf5 56. Ra2 Kb4 57. Kg4 Rxa5 58. Rb2+ Kc4 59. Kf4 Rd5 60. Ke4 Rd8 61. Ra2 Re8+ 62. Kf3 Re6 63. Kf4 Kb5 64. Kf5 Re3 65. Kf4 Re8 66. Rb2+ Kc5 67. Ra2 Re6 68. Kf5 Rh6 69. Ke4 Kb4 70. Kd4 Kb3 71. Ra1 Rh4+ 72. Kc5 Ra4 73. Rxa4 Kxa4 74. Kc4 Ka3 75. Kc3 Ka2 76. Kc2 1/2-1/2

[Event "Capablanca Memorial op 53rd"]
[Site "Havana"]
[Date "2018.05.09"]
[Round "1"]
[White "Lebredo Zaragoitia, Gerardo"]
[Black "Mantilla Gras, Geydis de la C"]
[Result "1/2-1/2"]
[WhiteElo "2173"]
[BlackElo "1993"]
[PlyCount "64"]
[EventDate "2018.05.09"]
[EventType "swiss"]
[EventRounds "10"]
[EventCountry "CUB"]
[SourceTitle "EXT 2019"]
[Source "ChessBase"]
[SourceDate "2018.10.10"]
[SourceVersion "1"]
[SourceVersionDate "2018.10.10"]
[SourceQuality "1"]

1. d4 d5 2. c4 c6 3. e3 Nf6 4. Nc3 e6 5. Bd3 Bd6 6. Nge2 Nbd7 7. 0-0 0-0 8. c5 Bc7 9. f4 b6 10. b4 a5 11. b5 bxc5 12. bxc6 Nb8 13. Bb5 c4 14. Qc2 Na6 15. a3 Ne8 16. e4 Nd6 17. Ba4 dxe4 18. Nxe4 Nxe4 19. Qxe4 Qd5 20. Qxd5 exd5 21. Nc3 Bb6 22. Be3 Nc7 23. Rab1 Ba7 24. Nb5 Bb8 25. f5 Ba6 26. Bf4 Nxb5 27. Bxb5 Bxf4 28. Rxf4 Bxb5 29. Rxb5 Rfc8 30. Rxd5 Rxc6 31. Rc5 Rac8 32. Rxc6 Rxc6 1/2-1/2

[Event "CUB-ch U18 Girls"]
[Site "Camaguey"]
[Date "2017.06.26"]
[Round "9.1"]
[White "Gonzalez Estrada, Chrissye Luann"]
[Black "Mantilla Gras, Geydis de la C"]
[Result "0-1"]
[WhiteElo "1960"]
[BlackElo "2027"]
[PlyCount "90"]
[EventDate "2017.06.21"]
[EventType "swiss"]
[EventRounds "9"]
[EventCountry "CUB"]
[SourceTitle "EXT 2023"]
[Source "ChessBase"]
[SourceDate "2022.10.05"]
[SourceVersion "1"]
[SourceVersionDate "2022.10.05"]
[SourceQuality "1"]

1. d4 d5 2. c4 c6 3. Nf3 Nf6 4. e3 e6 5. b3 Bd6 6. Bd3 Nbd7 7. Bb2 dxc4 8. bxc4 Qc7 9. Nbd2 c5 10. 0-0 0-0 11. Rc1 b6 12. Ne4 Be7 13. Ng3 Bb7 14. Ne5 cxd4 15. exd4 Nxe5 16. dxe5 Nd7 17. f4 Rfd8 18. Qh5 g6 19. Qh3 Nc5 20. Bb1 Rd2 21. Rf2 Rad8 22. Nf1 Rxf2 23. Kxf2 Na4 24. Ba3 Bc5+ 25. Bxc5 Qxc5+ 26. Qe3 Qc6 27. Qg3 Rd4 28. Ne3 Nb2 29. f5 exf5 30. Bxf5 Nd3+ 31. Bxd3 Rxd3 32. Rc2 Qe4 33. Re2 Qd4 34. e6 Qf6+ 35. Ke1 Qxe6 36. Qb8+ Qc8 37. Qxa7 Rd6 38. Qa3 Re6 39. Qb3 Qe8 40. Kd2 f5 41. Rf2 Qd8+ 42. Ke2 Qd4 43. Qd3 Qb2+ 44. Qd2 Qe5 45. g3 Ba6 0-1

[Event "CUB-ch U18 Girls"]
[Site "Camaguey"]
[Date "2017.06.23"]
[Round "5.1"]
[White "Diaz Del Valle, Laura Beatriz"]
[Black "Mantilla Gras, Geydis de la C"]
[Result "0-1"]
[WhiteElo "2134"]
[BlackElo "2027"]
[PlyCount "140"]
[EventDate "2017.06.21"]
[EventType "swiss"]
[EventRounds "9"]
[EventCountry "CUB"]
[SourceTitle "EXT 2023"]
[Source "ChessBase"]
[SourceDate "2022.10.05"]
[SourceVersion "1"]
[SourceVersionDate "2022.10.05"]
[SourceQuality "1"]

1. d4 d5 2. Bg5 h6 3. Bh4 c6 4. e3 Qb6 5. Qc1 e5 6. Nf3 e4 7. Nfd2 Be6 8. c4 Nd7 9. Nc3 f5 10. c5 Qc7 11. Bg3 Qd8 12. h4 Ngf6 13. Be2 g6 14. b4 b5 15. a4 a6 16. axb5 axb5 17. Ra3 Be7 18. Nb3 Kf7 19. Kd2 Re8 20. Qb2 Rxa3 21. Qxa3 Qa8 22. Ra1 Qxa3 23. Rxa3 Rc8 24. Ra7 Ke8 25. Na5 Nf8 26. Nb7 Bd7 27. Na2 Ne6 28. Be5 Nh7 29. Nc1 Nd8 30. Na5 Bxh4 31. g4 Be7 32. gxf5 Bxf5 33. Ncb3 Bd7 34. Ke1 h5 35. Kf1 Nf8 36. Kg2 Nfe6 37. Nd2 Nf7 38. Bh2 Bd8 39. Nb7 Bc7 40. Bxc7 Rxc7 41. f3 exf3+ 42. Nxf3 Ke7 43. Nh4 Ned8 44. Nxg6+ Kf6 45. Nxd8 Rxa7 46. Nxf7 Kxf7 47. Ne5+ Ke7 48. Bxh5 Ra4 49. Kg3 Rxb4 50. Bg4 Be8 51. Bh5 Rb3 52. Bxe8 Kxe8 53. Nxc6 Rxe3+ 54. Kf4 Re4+ 55. Kf5 Kd7 56. Nb8+ Kc7 57. Na6+ Kb7 58. Nb4 Rxd4 59. c6+ Kc7 60. Nc2 Rd2 61. Nb4 Rb2 62. Nxd5+ Kxc6 63. Ke4 Re2+ 64. Ne3 Kc5 65. Kd3 Rxe3+ 66. Kxe3 Kb4 67. Kd2 Ka3 68. Kc2 b4 69. Kb1 Kb3 70. Ka1 Kc2 0-1

[Event "CUB-ch U18 Girls"]
[Site "Camaguey"]
[Date "2017.06.21"]
[Round "1.5"]
[White "Mantilla Gras, Geydis de la C"]
[Black "Bosch Valls, Leannet Mariah"]
[Result "1-0"]
[WhiteElo "2027"]
[BlackElo "1870"]
[PlyCount "89"]
[EventDate "2017.06.21"]
[EventType "swiss"]
[EventRounds "9"]
[EventCountry "CUB"]
[SourceTitle "EXT 2023"]
[Source "ChessBase"]
[SourceDate "2022.10.05"]
[SourceVersion "1"]
[SourceVersionDate "2022.10.05"]
[SourceQuality "1"]

1. e4 e5 2. Nf3 Nc6 3. Bb5 a6 4. Ba4 d6 5. c3 Nf6 6. d4 b5 7. Bc2 Bg4 8. d5 Nb8 9. a4 Nbd7 10. axb5 axb5 11. Rxa8 Qxa8 12. Qe2 Qb7 13. b4 Nb8 14. Bd3 Bd7 15. Na3 c6 16. dxc6 Qxc6 17. Bb2 Be7 18. 0-0 0-0 19. Nd2 Bg4 20. Qe3 h6 21. Nxb5 Nh5 22. Nb3 Nf4 23. Na5 Qc8 24. Bc4 Nc6 25. Nxc6 Qxc6 26. Na3 Bg5 27. Qe1 Ra8 28. f3 Bh5 29. h4 Bf6 30. g3 Ne6 31. Bd5 Qb6+ 32. Qf2 Qxf2+ 33. Kxf2 Rd8 34. Rd1 g5 35. Bxe6 fxe6 36. hxg5 hxg5 37. g4 Bg6 38. c4 Bf7 39. b5 Be7 40. c5 dxc5 41. Rxd8+ Bxd8 42. Nc4 Kf8 43. b6 Ke7 44. b7 Bc7 45. Bxe5 1-0